Loading...
The Economy: An Interpretative Introduction
| Main Author: | |
|---|---|
| Format: | Printed Book |
| Language: | Undetermined English |
| Published: |
New Delhi
Sage Publications
1992
|
| Subjects: |
| LEADER | 00557nam a2200181Ia 4500 | ||
|---|---|---|---|
| 008 | 140306s9999 xx 000 0 und d | ||
| 020 | |a 8170362857 | ||
| 041 | |a eng | ||
| 082 | |a 330 |b KUR/EC | ||
| 100 | |a Kurien, C.T | ||
| 245 | |a The Economy: An Interpretative Introduction | ||
| 260 | |a New Delhi |b Sage Publications |c 1992 | ||
| 300 | |a 436 | ||
| 365 | |b Rs. 295/- | ||
| 650 | |a Indian Economy | ||
| 942 | |2 ddc |c BK | ||
| 999 | |c 186298 |d 186298 | ||
| 952 | |0 0 |1 0 |2 ddc |4 0 |6 330_000000000000000_KUR_EC |7 0 |9 192270 |a KAUCBV |b KAUCBV |g 295.00 |o 330 KUR/EC |r 2014-03-22 |w 2014-03-22 |y BK | ||